| 000 | 00528 a2200217 4500 | ||
|---|---|---|---|
| 260 | _aRome | ||
| 260 | _bFAO | ||
| 300 | _a57p. | ||
| 245 | _aL'Education nutritionnelle du public: rapport d'une consultation d'experts de la FAO: Rome, 12-22 septembre 1995 | ||
| 260 | _c1996 | ||
| 130 | _lfr. | ||
| 710 | _aFAO | ||
| 690 | _aeducation nutritionnelle | ||
| 690 | _acommunication | ||
| 690 | _aformation | ||
| 690 | _atechnologie | ||
| 020 | _a92-5-203797-7 | ||
| 440 | _x1014-2908 | ||
| 999 |
_c28652 _d28652 |
||